<?xml version="1.0" encoding="UTF-8"?>
<record
    xmlns:xsi="http://www.w3.org/2001/XMLSchema-instance"
    xsi:schemaLocation="http://www.loc.gov/MARC21/slim http://www.loc.gov/standards/marcxml/schema/MARC21slim.xsd"
    xmlns="http://www.loc.gov/MARC21/slim">

  <leader>01744nam a2200277Ia 4500</leader>
  <controlfield tag="008">120626s9999    xx            000 0 und d</controlfield>
  <datafield tag="020" ind1=" " ind2=" ">
    <subfield code="a">9789702615125</subfield>
  </datafield>
  <datafield tag="050" ind1=" " ind2=" ">
    <subfield code="a">HF5827.2</subfield>
    <subfield code="b">B45 2009</subfield>
  </datafield>
  <datafield tag="082" ind1=" " ind2=" ">
    <subfield code="a">658.83 B496i</subfield>
  </datafield>
  <datafield tag="100" ind1=" " ind2=" ">
    <subfield code="a">Benassini, Marcela</subfield>
    <subfield code="e">autor</subfield>
  </datafield>
  <datafield tag="245" ind1=" " ind2=" ">
    <subfield code="a">Introducci&#xF3;n a la investigaci&#xF3;n de mercados</subfield>
    <subfield code="b"> : Enfoque para Am&#xE9;rica Latina</subfield>
    <subfield code="c"> / Marcela Benassini</subfield>
  </datafield>
  <datafield tag="250" ind1=" " ind2=" ">
    <subfield code="a">2a. edici&#xF3;n</subfield>
  </datafield>
  <datafield tag="260" ind1=" " ind2=" ">
    <subfield code="a">M&#xE9;xico</subfield>
    <subfield code="b"> : Pearson</subfield>
    <subfield code="c">, 2009</subfield>
  </datafield>
  <datafield tag="300" ind1=" " ind2=" ">
    <subfield code="a">xvii ; 269 p&#xE1;ginas</subfield>
  </datafield>
  <datafield tag="504" ind1=" " ind2=" ">
    <subfield code="a">Incluye:
Agradecimientos
Tabla de contenido
Pr&#xF3;logo
C&#xF3;mo se usa este libro
Tablas estad&#xED;sticas
&#xCD;ndice anal&#xED;tico</subfield>
  </datafield>
  <datafield tag="505" ind1=" " ind2=" ">
    <subfield code="a">Investigaci&#xF3;n de mercados
Formulaci&#xF3;n del problema
El dise&#xF1;o de la investigaci&#xF3;n: investigaci&#xF3;n exploratoria
Investigaci&#xF3;n cualitativa
Investigaci&#xF3;n concluyente
C&#xF3;mo dise&#xF1;ar un cuestionario
Investigaci&#xF3;n de motivaciones
Mestreo
El trabajo de campo, la revisi&#xF3;n, verificaci&#xF3;n y captura de los datos
Distribuci&#xF3;n de frecuencias, tabulaci&#xF3;n cruzada y pruebas de hip&#xF3;tesis
La redacci&#xF3;n del reporte</subfield>
  </datafield>
  <datafield tag="519" ind1=" " ind2=" ">
    <subfield code="a">Plan Flexible / </subfield>
    <subfield code="b">Contadur&#xED;a / </subfield>
    <subfield code="c"> Introducci&#xF3;n a la mercadotecnia (B09) / </subfield>
    <subfield code="d">(20 000478, 20 001329)</subfield>
  </datafield>
  <datafield tag="519" ind1=" " ind2=" ">
    <subfield code="a">Educaci&#xF3;n Mixta / </subfield>
    <subfield code="b">Administraci&#xF3;n / </subfield>
    <subfield code="c">Material Complementario /</subfield>
    <subfield code="d">(22 001490)</subfield>
  </datafield>
  <datafield tag="519" ind1=" " ind2=" ">
    <subfield code="a">Plan Flexible / </subfield>
    <subfield code="b">Comercio Internacional / </subfield>
    <subfield code="c">Anal&#xED;sis para la toma de decisiones (P15-2) / </subfield>
    <subfield code="d">(07 006212)</subfield>
  </datafield>
  <datafield tag="650" ind1="1" ind2="4">
    <subfield code="a">METODOLOG&#xCD;A DE LA INVESTIGACI&#xD3;N</subfield>
  </datafield>
  <datafield tag="650" ind1="2" ind2="4">
    <subfield code="a">INVESTIGACI&#xD3;N DE MERCADOS </subfield>
  </datafield>
  <datafield tag="650" ind1="2" ind2="4">
    <subfield code="a">INVESTIGACI&#xD3;N DE MOTIVACIONES</subfield>
  </datafield>
  <datafield tag="942" ind1=" " ind2=" ">
    <subfield code="c">LB</subfield>
  </datafield>
  <datafield tag="952" ind1=" " ind2=" ">
    <subfield code="0">0</subfield>
    <subfield code="1">0</subfield>
    <subfield code="4">0</subfield>
    <subfield code="7">0</subfield>
    <subfield code="a">09</subfield>
    <subfield code="b">09</subfield>
    <subfield code="d">2010-12-22</subfield>
    <subfield code="l">1</subfield>
    <subfield code="o">HF5827.2 B45</subfield>
    <subfield code="p">09 003824</subfield>
    <subfield code="r">2017-03-23</subfield>
    <subfield code="s">2017-03-23</subfield>
    <subfield code="t">1</subfield>
    <subfield code="w">2012-06-26</subfield>
    <subfield code="y">LB</subfield>
  </datafield>
  <datafield tag="952" ind1=" " ind2=" ">
    <subfield code="0">0</subfield>
    <subfield code="1">0</subfield>
    <subfield code="4">0</subfield>
    <subfield code="7">0</subfield>
    <subfield code="a">09</subfield>
    <subfield code="b">09</subfield>
    <subfield code="d">2010-12-22</subfield>
    <subfield code="l">5</subfield>
    <subfield code="o">HF5827.2 B45</subfield>
    <subfield code="p">09 003825</subfield>
    <subfield code="r">2017-03-23</subfield>
    <subfield code="s">2017-03-23</subfield>
    <subfield code="t">2</subfield>
    <subfield code="w">2012-06-26</subfield>
    <subfield code="y">LB</subfield>
  </datafield>
  <datafield tag="952" ind1=" " ind2=" ">
    <subfield code="0">0</subfield>
    <subfield code="1">0</subfield>
    <subfield code="4">0</subfield>
    <subfield code="7">0</subfield>
    <subfield code="a">15</subfield>
    <subfield code="b">15</subfield>
    <subfield code="d">2010-06-28</subfield>
    <subfield code="l">0</subfield>
    <subfield code="o">658.83 B496I</subfield>
    <subfield code="p">15 004274</subfield>
    <subfield code="r">2017-12-07</subfield>
    <subfield code="t">1</subfield>
    <subfield code="w">2012-06-28</subfield>
    <subfield code="y">LB</subfield>
  </datafield>
  <datafield tag="952" ind1=" " ind2=" ">
    <subfield code="0">0</subfield>
    <subfield code="1">0</subfield>
    <subfield code="4">0</subfield>
    <subfield code="7">0</subfield>
    <subfield code="a">13</subfield>
    <subfield code="b">13</subfield>
    <subfield code="d">2010-09-10</subfield>
    <subfield code="l">0</subfield>
    <subfield code="o">HF5415.12.L3 B46 2009</subfield>
    <subfield code="p">13 001747</subfield>
    <subfield code="r">2012-09-05</subfield>
    <subfield code="t">1</subfield>
    <subfield code="w">2012-09-05</subfield>
    <subfield code="y">LB</subfield>
  </datafield>
  <datafield tag="952" ind1=" " ind2=" ">
    <subfield code="0">0</subfield>
    <subfield code="1">0</subfield>
    <subfield code="2">lcc</subfield>
    <subfield code="4">0</subfield>
    <subfield code="7">0</subfield>
    <subfield code="a">22</subfield>
    <subfield code="b">22</subfield>
    <subfield code="d">2016-10-20</subfield>
    <subfield code="l">0</subfield>
    <subfield code="o">HF5827.2 B45 2009</subfield>
    <subfield code="p">22 001490</subfield>
    <subfield code="r">2016-12-13</subfield>
    <subfield code="t">1</subfield>
    <subfield code="w">2016-12-13</subfield>
    <subfield code="y">LB</subfield>
  </datafield>
  <datafield tag="952" ind1=" " ind2=" ">
    <subfield code="0">0</subfield>
    <subfield code="1">0</subfield>
    <subfield code="2">lcc</subfield>
    <subfield code="4">0</subfield>
    <subfield code="7">0</subfield>
    <subfield code="a">07</subfield>
    <subfield code="b">07</subfield>
    <subfield code="d">2017-06-30</subfield>
    <subfield code="l">0</subfield>
    <subfield code="o">HF5415.12 L3 B46 2009</subfield>
    <subfield code="p">07 006212</subfield>
    <subfield code="r">2017-06-30</subfield>
    <subfield code="t">1</subfield>
    <subfield code="w">2017-06-30</subfield>
    <subfield code="y">LB</subfield>
  </datafield>
  <datafield tag="952" ind1=" " ind2=" ">
    <subfield code="0">0</subfield>
    <subfield code="1">0</subfield>
    <subfield code="2">lcc</subfield>
    <subfield code="4">0</subfield>
    <subfield code="7">0</subfield>
    <subfield code="a">20</subfield>
    <subfield code="b">20</subfield>
    <subfield code="d">2018-02-28</subfield>
    <subfield code="l">0</subfield>
    <subfield code="o">HF5827.2 B45 2009</subfield>
    <subfield code="p">20 000478</subfield>
    <subfield code="r">2018-02-28</subfield>
    <subfield code="t">1</subfield>
    <subfield code="w">2018-02-28</subfield>
    <subfield code="y">LB</subfield>
  </datafield>
  <datafield tag="952" ind1=" " ind2=" ">
    <subfield code="0">0</subfield>
    <subfield code="1">0</subfield>
    <subfield code="2">lcc</subfield>
    <subfield code="4">0</subfield>
    <subfield code="7">0</subfield>
    <subfield code="a">20</subfield>
    <subfield code="b">20</subfield>
    <subfield code="d">2018-02-28</subfield>
    <subfield code="l">0</subfield>
    <subfield code="o">HF5827.2 B45 2009</subfield>
    <subfield code="p">20 001329</subfield>
    <subfield code="r">2018-02-28</subfield>
    <subfield code="t">2</subfield>
    <subfield code="w">2018-02-28</subfield>
    <subfield code="y">LB</subfield>
  </datafield>
  <datafield tag="999" ind1=" " ind2=" ">
    <subfield code="c">64643</subfield>
    <subfield code="d">64643</subfield>
  </datafield>
</record>
